Bopomofo Quiz 注音符號 - Statistics

General Stats
  • This quiz has been taken 524 times
  • The average score is 30 of 37
Answer Stats
Bopomofo English % Correct
B
97%
M
96%
P
96%
F
95%
D
93%
N
93%
T
93%
L
92%
G
90%
H
89%
K
89%
J
88%
Ch
85%
Q
85%
Sh
85%
X
85%
Zh
85%
R
84%
a
83%
o
82%
e
81%
S
80%
Z
79%
C
77%
Y | i
77%
e
74%
er
73%
W | u
73%
ai
72%
ao
72%
Y | u
72%
an
71%
ei
71%
ang
69%
en
69%
ou
68%
eng
67%
No matching quizzes found
Score Distribution
Percent of People with Each Score
Percentile by Number Answered
Your Score History
You have not taken this quiz